|
|
|
|
| LEADER |
00000nam0a2200000 4500 |
| 001 |
299924 |
| 005 |
20231102001242.0 |
| 020 |
|
|
|a RU
|b 84-33561
|
| 035 |
|
|
|a (RuTPU)RU\TPU\book\325077
|
| 090 |
|
|
|a 299924
|
| 100 |
|
|
|a 20150706d1983 km y0rusy5003 ca
|
| 101 |
0 |
|
|a rus
|
| 102 |
|
|
|a BY
|
| 105 |
|
|
|a a z 001zy
|
| 200 |
1 |
|
|a Моделирование процессов сборки в робототехнических комплексах
|f Д. А. Своятыцкий
|g Академия наук Белорусской ССР (АН БССР), Институт технической кибернетики (ИТК) ; под ред. В. Д. Цветкова
|
| 210 |
|
|
|a Минск
|c Наука и техника
|d 1983
|
| 215 |
|
|
|a 93 с.
|c ил.
|
| 320 |
|
|
|a Библиогр.: с. 88-92
|
| 606 |
1 |
|
|a Робототехнические системы
|2 stltpush
|3 (RuTPU)RU\TPU\subj\25265
|9 49467
|
| 610 |
1 |
|
|a математическое моделирование
|
| 610 |
1 |
|
|a робототехнические комплексы
|
| 610 |
1 |
|
|a сборка
|
| 610 |
1 |
|
|a моделирование
|
| 610 |
1 |
|
|a сборочное производство
|
| 610 |
1 |
|
|a модели
|
| 610 |
1 |
|
|a анализ
|
| 610 |
1 |
|
|a синтез
|
| 610 |
1 |
|
|a алгоритмы
|
| 675 |
|
|
|a 621.865.8
|z rus
|v 3
|
| 700 |
|
1 |
|a Своятыцкий
|b Д. А.
|g Дмитрий Александрович
|4 070
|
| 702 |
|
1 |
|a Цветков
|b В. Д.
|4 340
|
| 712 |
0 |
2 |
|a Академия наук Белорусской ССР (АН БССР)
|b Институт технической кибернетики (ИТК)
|c (Минск)
|2 stltpush
|3 (RuTPU)RU\TPU\col\443
|
| 801 |
|
0 |
|a RU
|b RuMRKP
|c 19950704
|g psbo
|
| 801 |
|
1 |
|a RU
|b 63413507
|c 20150706
|
| 801 |
|
2 |
|a RU
|b 63413507
|c 20180604
|g RCR
|
| 942 |
|
|
|c BK
|